| 000 | 00605nam a2200205Ia 4500 | ||
|---|---|---|---|
| 008 | 170504s9999 xx 000 0 und d | ||
| 050 | _aBF 698 | ||
| 050 | _b.So698 2015 | ||
| 100 | _aSonico, Mary Jhossan D. | ||
| 245 | _aLevels of life satisfaction and emotional adjustment of widows in Las Piñas city/ | ||
| 245 | _cMary Jhossan D. Sonico. | ||
| 260 | _aLas Piñas, Philippines : | ||
| 260 | _bSISC, | ||
| 260 | _c2015. | ||
| 300 | _a93 pages : | ||
| 300 | _billustrations ; | ||
| 300 | _c28 cm. | ||
| 500 | _aIncludes bibliographical references and appendices. | ||
| 521 | _aPsychology | ||
| 999 |
_c329829 _d329829 |
||